LIBRARY & INFORMATION CENTRE, KCAET, TAVANUR

ONLINE PUBLIC ACCESS CATALOGUE (OPAC)

Water supply engineering / (Record no. 1532)

MARC details
000 -LEADER
fixed length control field 00520cam a2200205ua 4500
041 ## - LANGUAGE CODE
Language code of text/sound track or separate title eng
082 ## - DEWEY DECIMAL CLASSIFICATION NUMBER
Classification number 628.1
Item number BAB/WA
100 ## - MAIN ENTRY--AUTHOR NAME
Personal name Babbitt, Harold.E .
245 ## - TITLE STATEMENT
Title Water supply engineering /
250 ## - EDITION STATEMENT
Edition statement 6 /
260 ## - PUBLICATION, DISTRIBUTION, ETC. (IMPRINT)
Place of publication Newyork :
Name of publisher Mc Graw Hill Book Company ,
Year of publication 1962.
300 ## - PHYSICAL DESCRIPTION
Number of Pages 672 ; .
700 1# - ADDED ENTRY--PERSONAL NAME
Personal name Cleasby, John.L .
700 1# - ADDED ENTRY--PERSONAL NAME
Personal name Doland, James.J .
942 ## - ADDED ENTRY ELEMENTS (KOHA)
Koha item type Books
Holdings
Withdrawn status Lost status Damaged status Home library Current library Date acquired Full call number Accession Number Koha item type
Withdrawn     KAUAET KAUAET 07/04/2012 628.1 7950 Books
free website counter